000 00599nam a2200193Ia 4500
005 20260120131818.0
008 008 260114s9999 xx 000 0 eng d
020 _a9780197711828
037 _aEBOOK
040 _aCRL
_beng
_cCRL
041 _aeng
_2eng
084 _qCRL
100 _aFredrickson
_9931490
245 0 _aBlack Liberation: A Comparative History of Black Ideologies in the United States and South Africa
260 _bOxford University PressOxford University Press
_c2023
856 _uhttps://academic.oup.com/book/47387
942 _cEBOOK
999 _c1523412
_d1523412